Technické predpisy na riešenie problematiky obalov z hľadiska znižovania ich negatívnych vplyvov na životné prostredie
Preberanie európskeho práva v oblasti odpadov - jedna z hlavných priorít Slovenska v rámci asociačného procesu.Odpadové hospodárstvo v systéme starostlivosti o životné prostredie. Požiadavky na vlastnosti obalov a recyklácie odpadov z obalov ošetrené zákonmi a nariadeniami vlády SR. Zosúladenie pred...
Enregistré dans:
| Auteur principal: | |
|---|---|
| Autres auteurs: | |
| Format: | Chapitre de livre |
| Langue: | slovaque |
| Sujets: | |
| Tags: |
Pas de tags, Soyez le premier à ajouter un tag!
|
MARC
| LEADER | 00000naa$a2200000$$$4500 | ||
|---|---|---|---|
| 001 | 0024753 | ||
| 005 | 20230511073858.4 | ||
| 041 | 0 | |a slo | |
| 044 | |a SK | ||
| 245 | 1 | 0 | |a Technické predpisy na riešenie problematiky obalov z hľadiska znižovania ich negatívnych vplyvov na životné prostredie |c Magdaléna Pridavková, Radoslav Záhumenský |
| 520 | |a Preberanie európskeho práva v oblasti odpadov - jedna z hlavných priorít Slovenska v rámci asociačného procesu.Odpadové hospodárstvo v systéme starostlivosti o životné prostredie. Požiadavky na vlastnosti obalov a recyklácie odpadov z obalov ošetrené zákonmi a nariadeniami vlády SR. Zosúladenie predpisov so smernicou Európskeho spoločenstva č. 94/62/ES. Európske technické normy týkajúce sa problematiky obalov a odpadov z obalov. | ||
| 610 | 2 | 0 | |a obaly |
| 610 | 2 | 0 | |a hospodárstvo obalové |
| 610 | 2 | 0 | |a hospodárstvo odpadové |
| 610 | 2 | 0 | |a recyklácia odpadu |
| 610 | 2 | 0 | |a ochrana prostredia životného |
| 610 | 2 | 0 | |a legislatíva |
| 610 | 2 | 0 | |a normy technické |
| 610 | 2 | 0 | |a aproximácia práva |
| 610 | 2 | 0 | |a harmonizácia |
| 610 | 2 | 0 | |a Európska únia |
| 610 | 2 | 0 | |a Slovensko |
| 100 | 1 | |a Pridavková, Magdaléna | |
| 700 | 1 | |a Záhumenský, Radoslav | |